Georgia Geography Quiz - Sudden Death - Statistics

General Stats
  • This quiz has been taken 251 times
  • The average score is 13 of 20
Answers on the Grid
Answers color-coded by a green-red scale on the quiz's grid according to % correct below.
Andersonville Prison
Appalachian Mountains
Appalachian Trail
Atlanta
Atlantic Ocean
Augusta
Baton Rouge
Brasstown Bald
Brunswick
Chattahoochee River
Chesapeake Bay
Clemson
Columbus
Great Smoky Mountains National Park
Gulf of Mexico
Hot Springs National Park
Houston
Jimmy Carter National Historical Park
Kennesaw Mountain National Battlefield
Key West
Lake Erie
Lake Pontchartrain
Macon
Martin Luther King Jr. National Historical Park
Mississippi River
Mount Shasta
Natchez
Okefenokee Swamp
Orlando
Outer Banks
Pensacola Bay
Pigeon Forge
San Francisco Bay
Savannah
St. Simons Island
Statesboro
Stone Mountain
Tuscaloosa
Valdosta
Vancouver Island
 
Answer Stats
Answer % Correct
Atlanta
96%
Atlantic Ocean
83%
Appalachian Mountains
81%
Augusta
78%
Appalachian Trail
75%
Savannah
70%
Jimmy Carter National Historical Park
69%
Macon
69%
Chattahoochee River
66%
Kennesaw Mountain National Battlefield
60%
Columbus
59%
Stone Mountain
59%
Valdosta
57%
Martin Luther King Jr. National Historical Park
56%
Andersonville Prison
54%
Brunswick
54%
Brasstown Bald
49%
Statesboro
47%
St. Simons Island
47%
Okefenokee Swamp
43%
No matching quizzes found
Score Distribution
Percent of People with Each Score
Percentile by Number Answered
Your Score History
You have not taken this quiz